000 02244cam a2200649 4500
001 21287
003 VRT
005 20260226091857.0
008 210624s2019 xo o gr 001 0 slo
015 _aSNBA2020/02
020 _a9788055169897
_q(viazané)
035 _aurn:nbn:sk:snk-am00edir
035 _aurn:nbn:sk:snk-am3igtt
035 _a1362435D-0D38-4D32-B403-FEE7EDB3ECEF
039 9 _a202106241150
_bVLOAD
_c202102090836
_dVLOAD
_c202102081054
_dVLOAD
_c202002101009
_dAUTHORITY
040 _aSVKBB
_bslo
_cSVKBB
_dSNK
_erda
041 0 _aslo
043 _ae-xo---
044 _axo
_cSK
072 7 _a94(437)
_xDejiny Československa
_2konspekt
080 _a94(437)"1989"
_22011
080 _a321.7:316.42
_22011
080 _a323
_22011
080 _a(437.6)
_22011
080 _a(0:82-94)
_22011
080 _a(048.8)
_22011
100 1 _aOndruš, Vladimír,
_d1942 máj 23.-
_4aut
245 1 0 _aAtentát na nežnú revolúciu
_cVladimír Ondruš
250 _aDruhé vydanie
264 1 _aBratislava
_bIkar
_c2019
300 _a303 strán
_bfotografie
_c22 cm
336 _atext
_btxt
_2rdacontent
337 _abez média
_bn
_2rdamedia
338 _azväzok
_bnc
_2rdacarrier
500 _aObsahuje biografické údaje o autorovi na záložke prebalu publikácie
504 _aObsahuje register
650 0 7 _aNežná revolúcia (1989 : Československo)
_2SNKPH
650 0 7 _ademokratizácia
_2SNKPH
650 0 7 _aVelvet revolution, 1989
_2SNKPHeng
650 0 7 _aDemocratization
_2SNKPHeng
650 0 7 _aspoločnosť a politika
_2SNKPH
650 0 7 _aSociety and policy
_2SNKPHeng
651 7 _aSlovensko
_2SNKPHgeo
651 7 _aSlovakia
_2SNKPHeng
655 7 _aspomienky
_2SNKPH
655 7 _amonografie
_2SNKPH
655 7 _aReminiscences
_2SNKPHeng
655 7 _aMonographs
_2SNKPHeng
910 _asnk
942 _2ddc
_cOLDO
_n0
949 _6270001000576864
_asvkbbA 159327
_bsvkbbm 787489
949 _6273K0643955
_asvkpoA 243340
_bsvkpo639979
949 _62889354832
_asavukS 162701
_bsavuk2019/4721
949 _617A1413805
_asnkSC 187437
_bsnk2020/804
_o2405/19
_s6100:20200217
949 _617A1413806
_asnkSC 187437 D1
_bsnk2020/805
_o2405/19
949 _6273K0652892
_asvkpoA 244001
_bsvkpo642087
999 _c21287
_d21287